000 00735nam a22002537a 4500
001 BR8905554
003 BR-BrBNA
005 20230928093334.0
007 ta
008 230509b bl.||||| |||| 00| 0 por d
040 _aBR-BrBNA
_bpor
_cBiblioteca Nacional de Agricultura
041 _a(Por)
072 _aE11; D50
_b/G514
090 _ E11 BR8905554
110 1 _aInstituto Nacional de Colonizacao e Reforma Agraria, Brasilia, DF (Brasil)
245 1 _aPlano Regional de Reforma Agraria - PRRA - Roraima
260 3 _aBrasilia, DF (Brasil):
_c1986.
300 _a11 p.
650 _aREFORMA AGRARIA
650 _aDECRETO
650 _aTERRITORIO FEDERAL DE RORAIMA
909 _a202309
_bLucia
_c55
_dLucia Elande
942 _cBK
999 _c44408
_d44408